<?xml version="1.0" encoding="UTF-8"?>
<record
    xmlns:xsi="http://www.w3.org/2001/XMLSchema-instance"
    xsi:schemaLocation="http://www.loc.gov/MARC21/slim http://www.loc.gov/standards/marcxml/schema/MARC21slim.xsd"
    xmlns="http://www.loc.gov/MARC21/slim">

  <leader>02093aam a2200277 a 4500</leader>
  <controlfield tag="003">AR-RoUNCS</controlfield>
  <controlfield tag="005">20260630144937.0</controlfield>
  <controlfield tag="007">ta</controlfield>
  <controlfield tag="008">150506s2014    ag     |r     |0| 0 spa d</controlfield>
  <datafield tag="020" ind1=" " ind2=" ">
    <subfield code="a">978-987-719-002-1</subfield>
  </datafield>
  <datafield tag="040" ind1=" " ind2=" ">
    <subfield code="a">AR-RoUNCS</subfield>
    <subfield code="b">spa</subfield>
    <subfield code="c">AR-RoUNCS</subfield>
  </datafield>
  <datafield tag="041" ind1="1" ind2=" ">
    <subfield code="a">spa</subfield>
    <subfield code="h">fre</subfield>
  </datafield>
  <datafield tag="100" ind1="1" ind2=" ">
    <subfield code="a">Cassin, Barbara</subfield>
  </datafield>
  <datafield tag="245" ind1="1" ind2="0">
    <subfield code="a">M&#xE1;s de una lengua / </subfield>
    <subfield code="c">Barbara Cassin.</subfield>
  </datafield>
  <datafield tag="250" ind1=" " ind2=" ">
    <subfield code="a">1a ed. en espa&#xF1;ol.</subfield>
  </datafield>
  <datafield tag="260" ind1=" " ind2=" ">
    <subfield code="a">Buenos Aires : </subfield>
    <subfield code="b">Fondo de Cultura Econ&#xF3;mica,</subfield>
    <subfield code="c">c2014.</subfield>
  </datafield>
  <datafield tag="300" ind1=" " ind2=" ">
    <subfield code="a">62 p. ;</subfield>
    <subfield code="c">17 cm.</subfield>
  </datafield>
  <datafield tag="490" ind1="0" ind2=" ">
    <subfield code="a">Colecci&#xF3;n Popular. Serie Breves ; </subfield>
    <subfield code="v">715</subfield>
  </datafield>
  <datafield tag="500" ind1=" " ind2=" ">
    <subfield code="a">T&#xED;tulo original: Plus d'une langue / traducci&#xF3;n de Vera Waksman.</subfield>
  </datafield>
  <datafield tag="505" ind1=" " ind2=" ">
    <subfield code="a">&#xBF;Por qu&#xE9; aprender y hablar otra lengua adem&#xE1;s de la propia? ; &#xBF;Qu&#xE9; es una lengua materna? B&#xE1;rbaro y bla bla bla ; "Una lengua no pertenece" ; Varias lenguas, varios mundos ; Los intraducibles ; Los hom&#xF3;nimos ; Traducir ; Preguntas y respuestas. </subfield>
  </datafield>
  <datafield tag="520" ind1="1" ind2=" ">
    <subfield code="a">&#x201C;Todos nacemos en la lengua o las lenguas que se hablan alrededor nuestro. Pero &#xBF;qu&#xE9; es una lengua &#x2018;materna&#x2019;? &#xBF;Y qu&#xE9; ocurre cuando se aprende otra? Si cada lengua dibuja un mundo diferente, &#xBF;qu&#xE9; es lo que se dibuja cuando se habla m&#xE1;s de una? Hablar varias lenguas equivale a tener varios mundos al alcance. Pasar de una lengua a la otra, aprendiendo, traduciendo, es aventurarse en otra manera de transmitir el sentido. Todas esas maneras, cuando entran en contacto, se enriquecen: comprendemos mejor lo que intentamos decir cuando sabemos que eso se dice de otro modo en otra lengua, con otras palabras, que quiz&#xE1; no dicen exactamente lo mismo. &#x2018;M&#xE1;s de una lengua&#x2019; surge de una conferencia de Barbara Cassin dirigida a ni&#xF1;os a partir de 10 a&#xF1;os y a sus acompa&#xF1;antes. All&#xED; se interroga, desde la filosof&#xED;a, acerca de temas tan complejos como el significado del &#x2018;logos&#x2019; para los griegos, la traducci&#xF3;n, las riquezas del biling&#xFC;ismo, los hom&#xF3;nimos y los intraducibles.&#x201D; -- [Contratapa]</subfield>
  </datafield>
  <datafield tag="650" ind1=" " ind2="7">
    <subfield code="a">Lenguaje</subfield>
    <subfield code="v">Adquisici&#xF3;n</subfield>
    <subfield code="2">embne</subfield>
  </datafield>
  <datafield tag="650" ind1=" " ind2="7">
    <subfield code="a">Ling&#xFC;&#xED;stica</subfield>
    <subfield code="2">embne</subfield>
  </datafield>
  <datafield tag="700" ind1="1" ind2=" ">
    <subfield code="a">Waksman, Vera</subfield>
    <subfield code="e">traductora</subfield>
  </datafield>
  <datafield tag="942" ind1=" " ind2=" ">
    <subfield code="2">udc</subfield>
    <subfield code="c">OG</subfield>
    <subfield code="n">0</subfield>
  </datafield>
  <datafield tag="999" ind1=" " ind2=" ">
    <subfield code="c">1067</subfield>
    <subfield code="d">1067</subfield>
  </datafield>
  <datafield tag="952" ind1=" " ind2=" ">
    <subfield code="0">0</subfield>
    <subfield code="1">0</subfield>
    <subfield code="2">udc</subfield>
    <subfield code="4">0</subfield>
    <subfield code="7">0</subfield>
    <subfield code="8">CG</subfield>
    <subfield code="a">ESOCIALES</subfield>
    <subfield code="b">ESOCIALES</subfield>
    <subfield code="d">2026-06-30</subfield>
    <subfield code="e">Donaci&#xF3;n 2026</subfield>
    <subfield code="l">0</subfield>
    <subfield code="o">81:1 C345</subfield>
    <subfield code="p">001548</subfield>
    <subfield code="r">2026-06-30 14:49:00</subfield>
    <subfield code="w">2026-06-30</subfield>
    <subfield code="y">OG</subfield>
  </datafield>
</record>
